Crash course in Respiatory system (Record no. 2235)

MARC details
000 -LEADER
fixed length control field 00572nam a22002177a 4500
003 - CONTROL NUMBER IDENTIFIER
control field OSt
005 - DATE AND TIME OF LATEST TRANSACTION
control field 20251004020003.0
008 - FIXED-LENGTH DATA ELEMENTS--GENERAL INFORMATION
fixed length control field 150908b xxu||||| |||| 00| 0 eng d
020 ## - INTERNATIONAL STANDARD BOOK NUMBER
International Standard Book Number 9780723434191
040 ## - CATALOGING SOURCE
Transcribing agency DNLM
082 ## - DEWEY DECIMAL CLASSIFICATION NUMBER
Classification number WF100 P27r 2008
100 ## - MAIN ENTRY--PERSONAL NAME
Personal name Patel, Harish
9 (RLIN) 5678
245 ## - TITLE STATEMENT
Title Crash course in Respiatory system
250 ## - EDITION STATEMENT
Edition statement 3rd ed.
260 ## - PUBLICATION, DISTRIBUTION, ETC. (IMPRINT)
Place of publication, distribution, etc. Edinburgh;
Name of publisher, distributor, etc. Mosby,
Date of publication, distribution, etc. 2008
300 ## - PHYSICAL DESCRIPTION
Extent xii,283p;
Other physical details col.ill:
Dimensions 26cm
504 ## - BIBLIOGRAPHY, ETC. NOTE
Bibliography, etc Answers, & index included
650 ## - SUBJECT ADDED ENTRY--TOPICAL TERM
Topical term or geographic name as entry element Respiratory
9 (RLIN) 5679
700 ## - ADDED ENTRY--PERSONAL NAME
Personal name Gwilt, Catherine
9 (RLIN) 5680
942 ## - ADDED ENTRY ELEMENTS (KOHA)
Source of classification or shelving scheme Other/Generic Classification Scheme
Koha item type Open Shelf
Koha issues (borrowed), all copies 1
Holdings
Withdrawn status Lost status Source of classification or shelving scheme Damaged status Not for loan Home library Current library Date acquired Source of acquisition Inventory number Total Checkouts Full call number Barcode Date last seen Koha item type Total Renewals Date last checked out
    Other/Generic Classification Scheme     MUST Main Library MUST Main Library 08/09/2015   14/38333   WF100 P27r 2008 2015-2213 08/09/2015 Open Shelf    
    Other/Generic Classification Scheme     MUST Main Library MUST Main Library 08/09/2015   14/38342 2 WF100 P27r 2008 2015-2214 13/10/2025 Open Shelf 1 03/10/2025